000 00454nab a2200145Ia 4500
003 ES-SlBCS
005 20210601130611.0
008 140529s1975 xxu||||| |||| 00| 0 fre d
041 _afre
100 1 _aAnguelov, Stefan
_9155743
245 0 0 _aPour une approche complexe dans la connaissance de l'homme
_c Stefan Anguelov
650 0 4 _aConocimiento del Hombre
_9175179
773 0 _tLes Etudes Philosophiques
_g1975, págs. 259-266
_wRev1449
942 _cAR
999 _c549320
_d549320